<?xml version="1.0" encoding="UTF-8"?><?xml-stylesheet type="text/xsl" href="static/style.xsl"?><OAI-PMH xmlns="http://www.openarchives.org/OAI/2.0/" xmlns:xsi="http://www.w3.org/2001/XMLSchema-instance" xsi:schemaLocation="http://www.openarchives.org/OAI/2.0/ http://www.openarchives.org/OAI/2.0/OAI-PMH.xsd"><responseDate>2026-06-06T02:15:39Z</responseDate><request verb="GetRecord" identifier="oai:riuma.uma.es:10630/29604" metadataPrefix="marc">https://riuma.uma.es/rest/oai/request</request><GetRecord><record><header><identifier>oai:riuma.uma.es:10630/29604</identifier><datestamp>2026-02-03T10:53:18Z</datestamp><setSpec>com_10630_2254</setSpec><setSpec>col_10630_37953</setSpec></header><metadata><record xmlns="http://www.loc.gov/MARC21/slim" xmlns:dcterms="http://purl.org/dc/terms/" xmlns:doc="http://www.lyncode.com/xoai" xmlns:xsi="http://www.w3.org/2001/XMLSchema-instance" xsi:schemaLocation="http://www.loc.gov/MARC21/slim http://www.loc.gov/standards/marcxml/schema/MARC21slim.xsd">
   <leader>00925njm 22002777a 4500</leader>
   <datafield ind2=" " ind1=" " tag="042">
      <subfield code="a">dc</subfield>
   </datafield>
   <datafield ind2=" " ind1=" " tag="720">
      <subfield code="a">Merino-Marban, Rafael</subfield>
      <subfield code="e">author</subfield>
   </datafield>
   <datafield ind2=" " ind1=" " tag="720">
      <subfield code="a">Fuentes Martín, Virginia</subfield>
      <subfield code="e">author</subfield>
   </datafield>
   <datafield ind2=" " ind1=" " tag="720">
      <subfield code="a">Torres Bravo, Miriam</subfield>
      <subfield code="e">author</subfield>
   </datafield>
   <datafield ind2=" " ind1=" " tag="720">
      <subfield code="a">Mayorga-Vega, Daniel</subfield>
      <subfield code="e">author</subfield>
   </datafield>
   <datafield ind2=" " ind1=" " tag="260">
      <subfield code="c">2021-10-21</subfield>
   </datafield>
   <datafield ind2=" " ind1=" " tag="520">
      <subfield code="a">The aim of the present study was to compare the acute effect of a static- vs dynamic-based stretching warm-up on standing long jump (SLJ) performance in primary schoolchildren. The sample was composed of 76 schoolchildren, 43 girls and 33 boys, aged 9 10 years old from three fourth-grade classes of Primary Education. The three groups were cluster-randomly assigned to the control (CG), static (SG) or dynamic (DG) groups. All the schoolchildren performed a standardized warm-up consisting of mobility exercises (five minutes), jogging (five minutes) and the SLJ test. Afterwards the CG schoolchildren received jump theory (eight&#xd;
minutes), the SG performed static stretching (eight minutes) and the DG performed dynamic-bounces stretching (eight minutes). Afterwards, all of them performed the SLJ test again. The results of the one-way ANOVA (F2,73 = 34.184; p &lt; 0.001; η2p = 0.484), followed by the pairwise comparisons with the Bonferroni adjustment, showed that the DG students (M∆ = 11.07, SE = 1.42) made a significant statistical improvement in their SJL levels compared with the CG (M∆ = -3.00, SE = 1.89; p &lt; 0.001, d = 1.51) and SG students (M∆ = -1.85, SE = 0.67; p &lt; 0.001, d = 1.38). However, statistically significant differences between the CG and SG students were not found (p > 0.05, d = 0.12). The dynamic-bouncing stretch as a final part of a warm-up improves explosive strength performance in primary schoolchildren, and seems to be a good option before carrying out explosive strength activities of the lower body.</subfield>
   </datafield>
   <datafield ind1="8" ind2=" " tag="024">
      <subfield code="a">Merino-Marban R, Fuentes V, Torres M, Mayorga-Vega D. Acute effect of a static- and dynamic-based stretching warm-up on standing long jump performance in primary schoolchildren. Biol Sport. 2021 Sep;38(3):333-339. doi: 10.5114/biolsport.2021.99703. Epub 2020 Oct 24. PMID: 34475616; PMCID: PMC8329965.</subfield>
   </datafield>
   <datafield ind1="8" ind2=" " tag="024">
      <subfield code="a">https://hdl.handle.net/10630/29604</subfield>
   </datafield>
   <datafield ind1="8" ind2=" " tag="024">
      <subfield code="a">10.5114/biolsport.2021.99703</subfield>
   </datafield>
   <datafield tag="653" ind2=" " ind1=" ">
      <subfield code="a">Escolares</subfield>
   </datafield>
   <datafield tag="653" ind2=" " ind1=" ">
      <subfield code="a">Ejercicio físico - Efectos fisiológicos</subfield>
   </datafield>
   <datafield ind2="0" ind1="0" tag="245">
      <subfield code="a">Acute effect of a static- and dynamic-based stretching warm-up on standing long jump performance in primary schoolchildren</subfield>
   </datafield>
</record>
</metadata></record></GetRecord></OAI-PMH>